Catálogo
 En Linea

Las grandes culturas de la humanidad / (Registro nro. 34244)

Detalles MARC
000 -CABECERA
campo de control de longitud fija 00748nam a2200205 a 4500
001 - NÚMERO DE CONTROL
campo de control 000034753
005 - FECHA Y HORA DE LA ÚLTIMA TRANSACCIÓN
campo de control 20200930073901.0
008 - DATOS DE LONGITUD FIJA--INFORMACIÓN GENERAL
campo de control de longitud fija 111019s1963 mx ab 000 0 spa d
040 ## - FUENTE DE LA CATALOGACIÓN
Centro catalogador/agencia de origen DO-SdBNP
Lengua de catalogación spa
Centro/agencia transcriptor BNPHU
082 ## - NÚMERO DE LA CLASIFICACIÓN DECIMAL DEWEY
Número de clasificación xxxx
Número de documento/Ítem xxxx
100 1# - ENTRADA PRINCIPAL--NOMBRE DE PERSONA
Nombre de persona Turner, Ralph
9 (RLIN) 60234
245 14 - MENCIÓN DE TÍTULO
Título Las grandes culturas de la humanidad /
Mención de responsabilidad, etc. Ralph Turner ; traductores Francisco A. Delpiane, Ramón Iglesia.
250 ## - MENCIÓN DE EDICIÓN
Mención de edición 3a ed.
260 ## - PUBLICACIÓN, DISTRIBUCIÓN, ETC.
Lugar de publicación, distribución, etc. México,
-- Buenos Aires :
Nombre del editor, distribuidor, etc. Fondo de cultura económica,
Fecha de publicación, distribución, etc. 1963.
300 ## - DESCRIPCIÓN FÍSICA
Extensión v. :
Otras características físicas il., map. ;
Dimensiones 24 cm.
500 ## - NOTA GENERAL
Nota general Incluye índice analítico
500 ## - NOTA GENERAL
Nota general Incluye referencias bibliográficas y notas al pie de las páginas
700 1# - PUNTO DE ACCESO ADICIONAL--NOMBRE DE PERSONA
Nombre de persona Delpiane, Francisco A.,
Término indicativo de función/relación tr.
9 (RLIN) 60235
700 1# - PUNTO DE ACCESO ADICIONAL--NOMBRE DE PERSONA
Nombre de persona Iglesia, Ramón,
Término indicativo de función/relación tr.
9 (RLIN) 58853
Existencias
Estado de retiro Estado de pérdida Restricciones de uso No para préstamo Código de colección Localización permanente Ubicación/localización actual Ubicación en estantería Fecha de adquisición Número de inventario Total de préstamos Signatura topográfica completa Código de barras Fecha visto por última vez Precio válido a partir de Tipo de ítem Koha Nota pública
        Raros y valiosos General General Depósito 19.10.2011 LF1   xxxx xxxx 34753-10 25.06.2020 25.06.2020 Préstamo en sala Perteneció a la biblioteca personal de Juan Isidro Jimenes Grullón.

Con tecnología Koha